A study on pronunciation mistakes of english fricatives made by final-year esp students at university of foreign language studies- the university of Danang /

Shranjeno v:
Bibliografske podrobnosti
Glavni avtor: Nguyễn Thị Thanh Tuyền
Format: Knjiga
Jezik:English
Izdano: 2015.
Teme:
Oznake: Označite
Brez oznak, prvi označite!
Thư viện lưu trữ: Mạng thư viện Đại học Đà Nẵng
LEADER 01400cam a22003371a 4500
001 000035594
003 11881
005 20230310153434.0
008 160302s2015 000 eng
040 |a LNN 
041 |a eng 
082 |a 420.8  |b NG-T 
100 |a Nguyễn Thị Thanh Tuyền 
245 2 |a A study on pronunciation mistakes of english fricatives made by final-year esp students at university of foreign language studies- the university of Danang /  |c Nguyễn Thị Thanh Tuyền. 
260 |c 2015. 
300 |a 100tr . : mh ; 30cm. 
650 |a Nguyễn Thị Thanh Tuyền, A study on pronunciation mistakes of english fricatives made by final-year esp students at university of foreign language studies- the university of Danang, pronunciation mistakes 
852 |b P.Doc  |c Luận văn sinh viên 
OWN |a LNN 
AVA |a UDN50  |b LNN  |c English  |d 420.8 NG-T  |e available  |t Error 5001 Not defined in file expand_doc_bib_avail.  |f 1  |g 0  |h N  |i 0  |j AN  |k 1 
999 |a From the UDN01 
AVA |a UDN50  |b LNN  |c English  |d 420.8 NG-T  |e available  |t Error 5001 Not defined in file expand_doc_bib_avail.  |f 1  |g 0  |h N  |i 0  |j AN  |k 1 
TYP |a Monograph 
TYP |a Printed language 
980 |a Mạng thư viện Đại học Đà Nẵng